Najpopularniejsze Polskie Kanały o FIFIE - Statystyki

Ogólne statystyki
  • Ten quiz został rozwiązany 108 razy
  • Średni wynik to 8 z 28
Statystyki odpowiedzi
Hint Odpowiedź % Poprawnych
942K+ PLKD
92%
500K+ DEV
68%
474K+ Kamyk
66%
467K+ N3jxiom
58%
429K+ Koza Sport
57%
238K+ Lachu Fifa
54%
241K+ Alvin
49%
500K+ Junajted
48%
370K+ Kartomania
33%
105K+ xFlaShx
29%
127K+ bejott
26%
76K+ MexHD
25%
343K+ Adryan
22%
222K+ LisekHD
22%
59K+ Rokcia
20%
163K+ Davczo
19%
39K+ Błachu
14%
69K+ SkyDoom
11%
114K+ Kinetyk
10%
37K+ Tonras
8%
79K+ Koza Menadżer
7%
92K+ Leszek YT
4%
19K+ Koza FC
3%
11K+ DeXu
2%
10K+ AHITO
1%
25K+ ThePablo
1%
16K+ KUBA
0%
27K+ M3tzuPlay
0%
Nie znaleziono quizów pasujących do podanych kryteriów
Rozkład punktacji
Procent ludzi z każdym wynikiem
Percentyl według liczby udzielonych odpowiedzi
Twoja historia wyników
Nie rozwiązałeś tego quizu